Lions

Bibliographic Details
Main Author: Robinson, Claire
Format: Book
Published: Oxford : Heinemann , 1997
Series:Really wild
Subjects:

MARC

LEADER 00000cam a2200000 7i4500
001 0000052839
005 20220105105350.0
008 151007
020 |a 0431028702 
090 0 0 |a NH   |b ENG 
100 1 |a Robinson, Claire 
245 1 0 |a Lions   |c Claire Robinson 
260 |a Oxford :   |b Heinemann ,   |c 1997 
300 |a 24pg. :   |b col.ill. 
490 1 |a Really wild 
500 |a Children ages 7-9 years old (orange) 
650 0 |a Children's stories, English 
650 0 |a Lions--Juvenile literature 
999 |a 0000902098   |b Book   |c Children Collection   |e Cawangan Bandar Penawar 
999 |a 0000902099   |b Book   |c Children Collection   |e Cawangan Bandar Penawar 
999 |a 0000902100   |b Book   |c Children Collection   |e Cawangan Bandar Penawar 
999 |a 0000902101   |b Book   |c Children Collection   |e Cawangan Bandar Penawar 
999 |a 0000902102   |b Book   |c Children Collection   |e Cawangan Bandar Penawar 
999 |a 0000902113   |b Book   |c Children Collection   |e Cawangan Pontian 
999 |a 0000902114   |b Book   |c Children Collection   |e Cawangan Pontian 
999 |a 0000902115   |b Book   |c Children Collection   |e Cawangan Pontian 
999 |a 0000902116   |b Book   |c Children Collection   |e Cawangan Pontian 
999 |a 0000902117   |b Book   |c Children Collection   |e Cawangan Pontian 
999 |a 0000902128   |b Book   |c Children Collection   |e Cawangan Sri Merlong 
999 |a 0000902129   |b Book   |c Children Collection   |e Cawangan Sri Merlong 
999 |a 0000902130   |b Book   |c Children Collection   |e Cawangan Sri Merlong 
999 |a 0000902131   |b Book   |c Children Collection   |e Cawangan Sri Merlong 
999 |a 0000902136   |b Book   |c Children Collection   |e Cawangan Segamat 
999 |a 0000902137   |b Book   |c Children Collection   |e Cawangan Segamat 
999 |a 0000902138   |b Book   |c Children Collection   |e Cawangan Segamat 
999 |a 0000902139   |b Book   |c Children Collection   |e Cawangan Segamat 
999 |a 0000902144   |b Book   |c Children Collection   |e Cawangan Tangkak 
999 |a 0000902145   |b Book   |c Children Collection   |e Cawangan Tangkak 
999 |a 0000902146   |b Book   |c Children Collection   |e Cawangan Tangkak 
999 |a 0000926963   |b Book   |c Children Collection   |e Cawangan Bukit Gambir 
999 |a 0000926964   |b Book   |c Children Collection   |e Cawangan Bukit Gambir 
999 |a 0000926965   |b Book   |c Children Collection   |e Cawangan Bukit Gambir 
999 |a 0000935885   |b Book   |c Children Collection   |e Cawangan Tangkak 
999 |a 0000935886   |b Book   |c Children Collection   |e Cawangan Tangkak 
999 |a 0000935887   |b Book   |c Children Collection   |e Cawangan Tangkak 
999 |a 0009021320   |b Book   |c Children Collection   |e Cawangan Batu Pahat